000 00434nam a2200169Ia 4500
008 090711s9999 xx 000 0 und d
082 _b13856
100 _aगोखले अरविंद
245 _aकथाई
260 _c1963
300 _a152
600 _aगोखले अरविंद
630 _aकथाई
700 _aगोखले अरविंद
730 _aकथाई
942 _cBOOK
999 _c313071
_d313071